Privaciones múltiples en la Argentina (Registro nro. 33361)

Detalles MARC
000 -LEADER
fixed length control field 00389 a2200121 4500
001 - CONTROL NUMBER
control field ART_41855
005 - DATE AND TIME OF LATEST TRANSACTION
control field 20260410162024.0
008 - FIXED-LENGTH DATA ELEMENTS--GENERAL INFORMATION
fixed length control field 260409a
100 1# - MAIN ENTRY--PERSONAL NAME
Personal name Arévalo Wierna, Carla de los Angeles
245 10 - TITLE STATEMENT
Title Privaciones múltiples en la Argentina
700 1# - ADDED ENTRY--PERSONAL NAME
Personal name Paz, Jorge Augusto
773 0# - HOST ITEM ENTRY
Title Notas de población
Related parts - Año XLIII, Nº 103 (jul./dic. 2016)
Record control number REV41841

No hay ítems disponibles.